Представление документа в формате RUSMARC

ПолеНазваниеЗначение
  Тип записи a
  Библиографический уровень m
001 Контрольный номер RU\NLR\BIBL_A\022384596
005 Дата корректировки 20260701125954.0
010 Индекс ISBN __
a ISBN 978-5-227-10790-9
9 Тираж 1500 экз.
b Уточнения в пер.
100 Данные общей обработки __
a Данные общей обработки 20260526d2024 u y0rusa0189 ca
101 Язык документа 1_
a Язык текста rus
c Язык оригинала ger
102 Страна публикации __
a Страна публикации RU
105 Кодированные данные (монография) __
a Кодированные данные (монография) y z 000yy
200 Заглавие и сведения об ответственности 1_
a Заглавие История тайных обществ, союзов и орденов
f Первые сведения об ответственности Георг Шустер
g Последующие сведения об ответственности перевод с немецкого О. А. Волькенштейна
203 Вид содержания и тип средства __
a Вид содержания Текст
b Характеристика содержания визуальный
c Тип средства непосредственный
210 Выходные данные 1_
a Место издания Москва
c Издательство Центрполиграф
d Дата издания 2024
215 Физическое описание __
a Объем 670, [1] с.
d Формат 21 см
333 Примечание о целевом назначении __
a Примечание о целевом назначении 16+
606 Тематические рубрики 1_
a Основная рубрика Тайные общества
x Основная подрубрика История
606 Тематические рубрики 1_
a Основная рубрика Тайные общества религиозные
610 Ключевые слова 0_
a Ключевые слова тамплиеры; иллюминаты; масоны; розенкрейцеры; рыцари Солнца; карбонарии; Фении; друиды; тайные общества; тайные общества религиозные
686 Индексы других классификаций __
a Классификационный индекс 63.3(0)-4
2 Код системы rubbk
700 Автор _1
a Фамилия Шустер
b Имя (инициалы) Г.
g Полное личное имя Георг
702 Вторичная интеллектуальная ответственность _1
a Фамилия Волькенштейн
b Имя (инициалы) О. А.
4 Код отношения 730
801 Источник записи _0
a Страна RU
b Организация NLR
c Дата составления 20241119
g Правила каталогизации RCR
801 Источник записи _1
a Страна RU
b Организация NLR
c Дата составления 20241119
2 Код формата rusmarc
801 Источник записи _2
a Страна RU
b Организация Ульяновская ОНБ
c Дата составления 20260526
g Правила каталогизации RCR
900 Электронные ресурсы __
a Имя электронного ресурса цп20260258
900 Электронные ресурсы __
a Имя электронного ресурса цп20260259
901 Тип документа __
t Тип документа m
909 Создатель записи __
a Создатель записи Макушик
b Дата создания записи 20260526
910 Корректоры записи __
a Корректор записи Пряхина
b Дата внесения изменения в запись 20260701